Brazil, a new regional power in the world-economy (Record no. 119319)

MARC details
000 -LEADER
fixed length control field 00767nam a2200229Ia 4500
008 - FIXED-LENGTH DATA ELEMENTS--GENERAL INFORMATION
fixed length control field 191130s1992##################000#0#eng##
020 ## - INTERNATIONAL STANDARD BOOK NUMBER
ISBN 9780521379052
082 ## - DEWEY DECIMAL CLASSIFICATION NUMBER
Classification number 337.81 BEC
100 ## - MAIN ENTRY--AUTHOR NAME
Personal name Becker, Bertha K
245 ## - TITLE STATEMENT
Title Brazil, a new regional power in the world-economy
Statement of responsibility, etc Bertha K. Becker, Claudio A.G. Egler
260 ## - PUBLICATION, DISTRIBUTION, ETC. (IMPRINT)
Place of publication Cambridge
Name of publisher Cambridge University Press
Year of publication 1992
300 ## - PHYSICAL DESCRIPTION
Number of Pages xiv, 205 p. : ill., maps ; 24 cm.
500 ## - GENERAL NOTE
General note Includes bibliographical references (p. 182-190) and index
650 ## - SUBJECT ADDED ENTRY--TOPICAL TERM
Topical Term Brazil - Economic conditions
Topical Term Brazil - Foreign economic relations
700 ## - ADDED ENTRY--PERSONAL NAME
Personal name Egler, Claudio A. G
991 ## -
-- 160728
Holdings
Withdrawn status Lost status Damaged status Not for loan Home library Current library Shelving location Date acquired Full call number Accession Number Price effective from Koha item type
        Anna Centenary Library Anna Centenary Library 4TH FLOOR, A WING 12.10.2020 337.81 BEC 231446 12.10.2020 English Books

Find us on the map